| 000 | 00996cam a2200229 i 4500 | ||
|---|---|---|---|
| 003 | SA-RiAUC | ||
| 005 | 20260221114628.0 | ||
| 008 | 260212s1908 sy g 00000 ara c | ||
| 040 |
_aSA-RiAUC _bara _cSA-RiAUC _erda |
||
| 082 | 0 | 4 | _a252.214 |
| 090 |
_aم ن252.214 _bج م ا |
||
| 100 | 1 |
_aجمال الدين القاسمي، جمال الدين بن محمد سعيد بن قاسم، _d1283-1332 هجري _eمؤلف. |
|
| 245 | 1 | 2 |
_aالأجوبة المرضية عما أورده كمال الدين بن الهمام على المستدلين بثبوت سنة المغرب القبلية / _cمحمد جمال الدين القاسمي. |
| 264 | 1 |
_aدمشق : _bروضة الشام، _c1326 |
|
| 300 |
_a36 صفحة ؛ _c29 سم |
||
| 336 |
_aنص _btxt _2rdacontent _3كتاب |
||
| 337 |
_aبدون وسيط _bn _2rdamedia |
||
| 338 |
_aمجلد _bnc _2rdacarrier |
||
| 650 | 7 |
_aالصلاة _xسنن _2aucsh |
|
| 942 |
_2ddc _cRBOOK COPY _n0 |
||
| 949 |
_aSA-JeALM _d260212 _umohamedma123 _n1 |
||
| 999 |
_c14425 _d14425 |
||